Effectif du HAC 2022-2023 - Statistiques

Statistiques générales
  • Ce quiz a été pris 162 fois
  • Le résultat moyen est 17 sur 31
Statistiques - réponses
Poste Réponse % Correct
G Arthur Desmas
95%
G Mathieu Gorgelin
90%
M Yassine Kechta
87%
D Gautier Lloris
86%
D Arouna Sangante
85%
Coach Luka Elsner
85%
D Christopher Operi
81%
A Josué Casimir
74%
D Oualid El Hajjam
73%
M Oussama Targhalline
73%
M Victor Lekhal
71%
M Amir Richardson
62%
A Antoine Joujou
61%
A Jamal Thiare
61%
A Nabil Alioui
61%
A Yann Kitala
61%
G Mohamed Kone
58%
A Samuel Grandsir
56%
A Élysée Logbo
54%
A Quentin Cornette
54%
D Étienne Kinkoué
45%
M Aloïs Confais
42%
M Nolan Mbemba
38%
D Terence Kongolo
32%
A Steve Ngoura
29%
M Simon Ebonog
23%
A Élies Mahmoud
22%
A Nassim Chadli
17%
M Chek-Oumar Diakité
14%
A Amadou Samoura
2%
A Salifou Soumah
2%
Aucun quiz correspondant
Distribution des résultats
% des personnes avec chaque résultat
Percentile par nombre de réponses
Votre historique - résultats
Vous n’avez pas pris ce quiz